Read and share : (Record no. 8365)

MARC details
000 -LEADER
fixed length control field 00884nam a22002897a 4500
001 - CONTROL NUMBER
control field 8365
003 - CONTROL NUMBER IDENTIFIER
control field FISKH
005 - DATE AND TIME OF LATEST TRANSACTION
control field 20250910094043.0
008 - FIXED-LENGTH DATA ELEMENTS--GENERAL INFORMATION
fixed length control field 250910b cb ||||| |||| 00| 0 eng d
020 ## - INTERNATIONAL STANDARD BOOK NUMBER
International Standard Book Number 9780763608521
040 ## - CATALOGING SOURCE
Original cataloging agency FISKH
Language of cataloging eng
Transcribing agency FISKH
Modifying agency FISKH
050 ## - LIBRARY OF CONGRESS CALL NUMBER
Classification number PZ8.V82 O
082 ## - DEWEY DECIMAL CLASSIFICATION NUMBER
Classification number 398.84
100 ## - MAIN ENTRY--PERSONAL NAME
Personal name Voce, Louise
245 ## - TITLE STATEMENT
Title Read and share :
Remainder of title Over in the meadow a counting rhyme /
Statement of responsibility, etc. Louise Voce
250 ## - EDITION STATEMENT
Edition statement This edition first published in 1994
260 ## - PUBLICATION, DISTRIBUTION, ETC.
Place of publication, distribution, etc. Massachusetts :
Name of publisher, distributor, etc. Candlewick,
Date of publication, distribution, etc. 1994
300 ## - PHYSICAL DESCRIPTION
Extent 26 unnumbered pages :
Other physical details color illustrations ;
Dimensions 23 cm
505 ## - FORMATTED CONTENTS NOTE
Formatted contents note G<br/>
520 ## - SUMMARY, ETC.
Summary, etc. A counting rhyme describing the activities of various baby animals, from one turtle to ten foxes.<br/>
521 8# - TARGET AUDIENCE NOTE
Target audience note 380<br/>
Source Lexile<br/>
521 8# - TARGET AUDIENCE NOTE
Target audience note G<br/>
Source Raz-Plus<br/>
650 ## - SUBJECT ADDED ENTRY--TOPICAL TERM
Source of heading or term Big book
Topical term or geographic name entry element Rhyming
650 ## - SUBJECT ADDED ENTRY--TOPICAL TERM
Source of heading or term Counting
942 ## - ADDED ENTRY ELEMENTS (KOHA)
Source of classification or shelving scheme Dewey Decimal Classification
Koha item type Books
Suppress in OPAC No
Holdings
Withdrawn status Lost status Source of classification or shelving scheme Damaged status Not for loan Collection Home library Current library Shelving location Date acquired Total Checkouts Full call number Barcode Date last seen Copy number Price effective from Koha item type
    Dewey Decimal Classification     Juvenile Fiction Footprints International School Library Network Toul Tom Poung Campus Footprints International School Library Network Toul Tom Poung Campus TTP Primary Dark Blue Bookshelves 09/10/2025   VOC 398.84 PZ8.V82 O 2025-4402 09/10/2025 1 09/10/2025 Books